=LDR 00000nam 2200000 4500 =001 INLIS000000000049927 =005 20170509080025 =035 ##$$a 0010-041700000000117 =008 170509###########################0###### =020 ##$$a 978-602-9005-00-4 =082 ##$$a 398.959 865 =100 ##$$a Mursip S =245 1#$$a Satak Setenggak Sasak / Mursip =260 ##$$a Mataran :$b Pustaka Widya,$c 2010 =300 ##$$a iv, 84 hlm. ; $c 21 cm =850 ##$$a NBPDMAT =084 ##$$a 398.959 865 MUR s =990 ##$$a 21604555 =990 ##$$a 21604556 =990 ##$$a 21604557 =990 ##$$a 21604558 =990 ##$$a 21604559 =990 ##$$a 168/46/2017 =990 ##$$a 21604556 =990 ##$$a 21604557 =990 ##$$a 21604558 =990 ##$$a 21604559 =990 ##$$a 168/46/2017 =990 ##$$a 168/46/2017 =990 ##$$a 21604556 =990 ##$$a 21604557 =990 ##$$a 21604558 =990 ##$$a 168/46/2017 =990 ##$$a 168/46/2017 =990 ##$$a 21604557 =990 ##$$a 21604558 =990 ##$$a 168/46/2017 =990 ##$$a 168/46/2017 =990 ##$$a 168/46/2017 =990 ##$$a 168/46/2017 =990 ##$$a 21604558 =990 ##$$a 168/46/2017 =990 ##$$a 168/46/2017 =990 ##$$a 168/46/2017 =990 ##$$a 168/46/2017 =990 ##$$a 168/46/2017 =990 ##$$a 168/46/2017